000 00430nam a2200121Ia 4500
008 171212s9999 xx 000 0 und d
020 _a9780833077028
100 _aJenkins, Brian Michael
245 _cJenkins, Brian Michael
_aAviation Security
_bAfter Four Decades, It's Time for a Fundamental Review
260 _bRAND Corporation
_c2012
650 _aPolitical Science
856 _uhttp://www.jstor.org/stable/10.7249/j.ctt1q60kx
999 _c351787
_d351787